Julio Caro Baroja, el hombre necesario (Record no. 189239)

MARC details
000 -LEADER
campo de control de longitud fija 00833nam a2200241 i 4500
001 - NÚMERO DE CONTROL
campo de control 189239
003 - IDENTIFICADOR DE NÚMERO DE CONTROL
campo de control SpMaBN
005 - FECHA Y HORA DE LA ÚLTIMA TRANSACCIÓN
campo de control 20240104181530.0
008 - DATOS DE LONGITUD FIJA--INFORMACIÓN GENERAL
campo de control de longitud fija 190429s1995 sp ac |||| |dspa d
020 ## - NÚMERO INTERNACIONAL ESTÁNDAR DEL LIBRO
Número Internacional Estándar del Libro 84-7086-322-3
080 ## - NÚMERO DE LA CLASIFICACIÓN DECIMAL UNIVERSAL
Número de la Clasificación Decimal Universal 929 Caro Baroja, Julio
100 1# - ENTRADA PRINCIPAL--NOMBRE DE PERSONA
Nombre de persona Maraña, Félix.
9 (RLIN) 76309
245 10 - MENCIÓN DEL TÍTULO
Título Julio Caro Baroja, el hombre necesario
Resto del título : (1914-1995) /
Mención de responsabilidad, etc. Félix Maraña.
260 ## - PUBLICACIÓN, DISTRIBUCIÓN, ETC.
Lugar de publicación, distribución, etc. Zarautz :
Nombre del editor, distribuidor, etc. Itxaropena,
Fecha de publicación, distribución, etc. [1995]
300 ## - DESCRIPCIÓN FÍSICA
Extensión 121 p., [1] h. de lám. :
Otras características físicas il., retr. ;
Dimensiones 20 cm.
490 1# - MENCIÓN DE SERIE
Mención de serie Vascos de palabra ;
Designación de volumen o secuencia 1
596 ## - NOTA AL PIE DE IMPRENTA
NOTA AL PIE DE IMPRENTA En port.: [Bermingham, edit.]
600 14 - PUNTO DE ACCESO ADICIONAL DE MATERIA--NOMBRE DE PERSONA
Nombre de persona Caro Baroja, Julio,
Fechas asociadas al nombre 1914-1995
9 (RLIN) 35403
830 0# - PUNTO DE ACCESO ADICIONAL DE SERIE-TÍTULO UNIFORME
Título uniforme Vascos de palabra ;
Designación de volumen o secuencia 1
9 (RLIN) 225797
852 ## - LOCALIZACIÓN
Ubicación ES-MaACL
Número de control de estantería A-14528
itemnumber 196377
Sublocalización o colección R.151933
Ubicación en estantería Depósito 1
Signatura antigua Olim: N-7528
Donativo/Legado Donación: Editorial
942 ## - ELEMENTOS DE ENTRADA SECUNDARIOS (KOHA)
Fuente del sistema de clasificación o colocación Clasificación decimal universal
Tipo de ítem Koha Libro impreso
Holdings
Estatus retirado Estado de pérdida Fuente del sistema de clasificación o colocación Estado de daño No para préstamo Biblioteca de origen Biblioteca actual Ubicación en estantería Fecha de adquisición Fuente de adquisición Total de préstamos Signatura topográfica completa Código de barras Visto por última vez Precio de reemplazo Tipo de ítem Koha
    Clasificación decimal universal     Biblioteca del Ateneo de Madrid Biblioteca del Ateneo de Madrid Depósito 1 29/04/2019 Donación   A-14528 1200439 23/02/2023 23/02/2023 Libro impreso